000 00433nam a2200157 i 4500
001 bg
100 1 _aBATHE, Klaus Jürgen
245 0 _aNumerical methods in finite elements analysis /
_cKlaus Jürgen Bathe, Edward L. Wilson.
260 _aEnglewood Cliffs,
_c1976.
700 1 _aWILSON, Edward L.
040 _cBPK
041 _apol
080 _a624:539.3/.6:519.6
942 _cKS
008 s pl f |000 0 pol
999 _c27787
_d27787
856 _uhttp://koha.tu.koszalin.pl/cgi-bin/koha/opac-detail.pl?biblionumber=27787
_yKatalog online BPK